Použitie neurónových sietí na generovanie údajov

Guardado en:
Detalles Bibliográficos
Autor principal: Drahoš, Marek (Autor)
Otros Autores: Ševcech, Jakub (Orientador)
Formato: Manuscrito Libro
Lenguaje:eslovaco
Publicado: 2018
Materias:
Acceso en línea:http://is.stuba.sk/zp/portal_zp.pl?podrobnosti=122766
Etiquetas: Agregar Etiqueta
Sin Etiquetas, Sea el primero en etiquetar este registro!

MARC

LEADER 00000ntm a22000003a 4500
001 stuzp70223
003 SK-STU
005 20190208154953.0
007 ta
008 150427s2015----xo-----f-mn---000-0-slo-d
040 |a STU  |b slo 
041 0 |a slo 
044 |a xo 
100 1 |a Drahoš, Marek  |u 070200  |4 aut  |U FIIT Fakulta informatiky a informačných technológií  |T FIIT Ústav informatiky, informačných systémov a softvérového inžinierstva  |X 79504  |U I200  |Y 179  |7 79504 
242 0 1 |a Application of neural networks for data generation  |y eng 
245 1 0 |a Použitie neurónových sietí na generovanie údajov 
260 |c 2018 
300 |a 28 s., príl. 
500 |a Chýba CD-rom 
650 4 |a neurónové siete  |2 slo 
650 4 |a sekvenčný autoenkóder  |2 slo 
650 4 |a redukovaná reprezentácia  |2 slo 
650 4 |a generovanie dát  |2 slo 
650 4 |a LSTM  |2 slo 
650 4 |a neural networks  |2 eng 
650 4 |a sequential autoencoder  |2 eng 
650 4 |a reduced representation  |2 eng 
650 4 |a data generation  |2 eng 
650 4 |a LSTM  |2 eng 
700 1 |a Ševcech, Jakub  |u 070200  |k Z2  |4 ths  |U FIIT Fakulta informatiky a informačných technológií  |T FIIT Ústav informatiky, informačných systémov a softvérového inžinierstva  |X 56312  |U I200  |Y 179  |7 56312 
856 4 |u http://is.stuba.sk/zp/portal_zp.pl?podrobnosti=122766 
996 |b IZP20180028  |c I*BAP34/18  |l II680  |s P  |a 0  |w stuzp70223_0001